25 Famous People from Bosnia & Herzegovina - Statistics

General Stats
  • This quiz has been taken 254 times
    20 since last reset
  • The average score is 7 of 25
Answer Stats
Hint Answer % Correct
Most capped footballer and all-time top goal scorer Edin Džeko
83%
The young nationalist who assassinated Archduke Franz Ferdinand in Sarajevo Gavrilo Princip
83%
President of Republika Srpska during the Bosnian War Radovan Karadžić
56%
First president of the Presidency of Bosnia and Herzegovina Alija Izetbegović
50%
President of Republika Srpska from 2010 to 2018 and from 2022 to 2025 Milorad Dodik
50%
Colonel-general who led the Army of Republika Srpska Ratko Mladić
50%
Singer nicknamed "The Wizard" Dino Merlin
39%
Stage name of Fahreta Živojinović (née Jahić), popular folk singer Lepa Brena
39%
Medieval ruler and the first King of Bosnia Tvrtko I
39%
Film director whose movie No Man's Land won the Oscar for Best Foreign Language Film in 2001 Danis Tanović
28%
One of the best female sevdah performers of the 20th century Hanka Paldum
22%
Head coach of Yugoslavia at the 1990 FIFA World Cup Ivica Osim
22%
Basketball player who played for Denver, Portland, Charlotte and Utah Jusuf Nurkić
22%
Basketball player who was Olympic, World and two times European champion Mirza Delibašić
22%
Lead singer of the band Zabranjeno Pušenje Dr Nele Karajlić
17%
Basketball player who played for Brooklyn, Phoenix and Milwaukee Mirza Teletović
17%
Footballer chosen in 2010 as the best player in the history of PSG Safet Sušić
17%
Pop singer and one of the greatest cultural icons of the former Yugoslavia Zdravko Čolić
17%
President of Republika Srpska convicted of crimes against humanity Biljana Plavšić
11%
A three-time European Female Player of the Year and FIBA Hall of Famer Razija Mujanović
11%
Lead singer of rock band Bijelo Dugme from 1974 to 1984 Željko Bebek
11%
Poet and the leader of the national movement in Mostar Aleksa Šantić
6%
Composer of film scores written for Underground Goran Bregović
6%
Comedian who stared in series Top lista nadrealista in the 1980s Branko Đurić
0%
Singer whose career stretched from the 1960s to the 2010s Kemal Monteno
0%
No matching quizzes found
Score Distribution
Percent of People with Each Score
Percentile by Number Answered
Your Score History
You have not taken this quiz since the last reset